Vysoké školstvo potrebuje zásadnú, komplexnú reformu

Rozhovor s doc. RNDr. Ivanom Ostrovským, CSc., vysokoškolským pedagógom, vedcom a členom Valného zhromaždenia Akademickej rankingovej a ratingovej agentúry (ARRA), o kvalite vysokoškolského vzdelávania na Slovensku.

Salvato in:
Dettagli Bibliografici
Autore principale: Hudec, Marián
Altri autori: Ostrovský, Ivan
Natura: Capitolo di libro
Lingua:slovacco
Soggetti:
Tags: Aggiungi Tag
Nessun Tag, puoi essere il primo ad aggiungerne!!

MARC

LEADER 00000naa a2200000 4500
001 0193108
005 20231011123536.0
041 0 |a slo 
044 |a SK 
245 1 0 |a Vysoké školstvo potrebuje zásadnú, komplexnú reformu  |c Marián Hudec, Ivan Ostrovský 
520 |a Rozhovor s doc. RNDr. Ivanom Ostrovským, CSc., vysokoškolským pedagógom, vedcom a členom Valného zhromaždenia Akademickej rankingovej a ratingovej agentúry (ARRA), o kvalite vysokoškolského vzdelávania na Slovensku. 
610 2 0 |a Slovensko 
610 2 0 |a univerzity 
610 2 0 |a školy vysoké 
610 2 0 |a vzdelávanie vysokoškolské 
610 2 0 |a financovanie školstva 
610 2 0 |a kvalita vzdelávania 
610 2 0 |a efektívnosť vzdelávania 
610 2 0 |a akreditácia 
100 1 |a Hudec, Marián 
700 1 |a Ostrovský, Ivan